RICS residential lettings survey Great Britain (Record no. 104338)

MARC details
000 -LEADER
fixed length control field 01765cam a2200229 4500
001 - CONTROL NUMBER
control field L130081
008 - FIXED-LENGTH DATA ELEMENTS--GENERAL INFORMATION
fixed length control field 050603n2005 000 0 eng u
035 ## - SYSTEM CONTROL NUMBER
System control number (Sirsi) u130081
041 ## - LANGUAGE CODE
Language code of text/sound track or separate title eng
050 ## - LIBRARY OF CONGRESS CALL NUMBER
Classification number 346.4104342
-- 18
110 ## - MAIN ENTRY--CORPORATE NAME
Corporate name or jurisdiction name as entry element Royal Institution of Chartered Surveyors
Subordinate unit Public Affairs
9 (RLIN) 4679
245 ## - TITLE STATEMENT
Title RICS residential lettings survey Great Britain
Remainder of title April 2005
260 ## - PUBLICATION, DISTRIBUTION, ETC.
Place of publication, distribution, etc. London
Name of publisher, distributor, etc. RICS
Date of publication, distribution, etc. 2005
300 ## - PHYSICAL DESCRIPTION
Extent 12p.
Dimensions 30cm.
490 ## - SERIES STATEMENT
Series statement RICS Residential Lettings Survey Great Britain
Volume/sequential designation April 2005
520 ## - SUMMARY, ETC.
Summary, etc. Looks at the three months to April 2005 and reports that tenant demand for rental property continued to rise due to uncertainty over house prices and fears of interest rate rises; particularly in southeast, eastern and northern England. Rents continued to rise at a modest pace due to the increase in letting activity. New landlord instructions stagnated for the first time since 1998 indicating that buy-to-let activity has come to a standstill as house prices have stopped rising and interest rates have increased. Existing landlords are not however selling out of the market with the proportion of landlords selling properties on tenancy expiry falling again in the latest quarter. Rental returns (gross yields) to investors have increased for the first time in over four years but remain low by historic standards. Surveyors expect moderate rental increases in the coming three months.
590 ## - LOCAL NOTE (RLIN)
Local note IKA040705
650 ## - SUBJECT ADDED ENTRY--TOPICAL TERM
Topical term or geographic name entry element RICS RESIDENTIAL LETTINGS SURVEY GREAT BRITAIN
690 ## - LOCAL SUBJECT ADDED ENTRY--TOPICAL TERM (OCLC, RLIN)
Topical term or geographic name as entry element PROPERTY-RESIDENTIAL PROPERTY-RESIDENTIAL PROPERTY TENURE-LEASEHOLD RESIDENTIAL PROPERTY
856 ## - ELECTRONIC LOCATION AND ACCESS
Uniform Resource Identifier <a href="https://www.rics.org/Global/Downloads/ResidentialLettingsSurvey200504.pdf">https://www.rics.org/Global/Downloads/ResidentialLettingsSurvey200504.pdf</a>
Public note View the report free of charge at www.rics.org...
942 ## - ADDED ENTRY ELEMENTS (KOHA)
Suppress in OPAC 0
Holdings
Withdrawn status Lost status Source of classification or shelving scheme Damaged status Not for loan Home library Current library Shelving location Date acquired Total Checkouts Full call number Barcode Date last seen Copy number Price effective from Koha item type
    Dewey Decimal Classification     London London Property market reports 06/07/2005   PROPERTY MARKET REPORT 30070088 06/08/2019 1 06/08/2019 Book
    Dewey Decimal Classification     Virtual Virtual Online 06/07/2005   ONLINE PUBLICATION 130081-4001 06/08/2019 1 06/08/2019 Book